00872nam a22002177a 450000500170000001000150001702000240003202000270005603500130008303700130009608200110010924501180012026000390023827000700027730000530034750001150040050000520051552000270056770000390059470000210063320150820113812.0 aENG-113408 a9383243007c2800.00 a9789383243006c2800.00 aEN-96940 bDBAD/PUB a709.54 aA passionate eye :cedited by Giles Tillotsonbtextiles, paintings and sculptures from the Bharany collections /  aMumbai bThe Marg Foundationc2014 aArmy & Navy Building, 3rd Floor, 148, M.G. Road, bMumbaie400001 a153p., 3 unnumbered pages :c32cm(Hb)bcol. ill. a "Vol. 65, no. 3, March 2014"--Title page verso; simultaneously issued in serial format as an issue of Mārg. a Includes bibliographical references and index. a Contributed articles. dTillotson, GilesaBharany, Chhote. aTillotson, Giles